| 000 | 00553nam a2200181Ia 4500 | ||
|---|---|---|---|
| 003 | OSt | ||
| 005 | 20200813120322.0 | ||
| 008 | 190216s9999||||xx |||||||||||||| ||und|| | ||
| 020 | _a0876922523 | ||
| 040 | _coclc | ||
| 082 |
_a547.346 _bDYE/A |
||
| 100 |
_aDyer, John R _94101 |
||
| 245 | 0 |
_aApplications Of Absorption Spectroscopy Of Organic Compunds / _cJohn R Dyer |
|
| 260 |
_bPrentice Hall Of India Pvt Ltd, _c1984. _aNew Delhi: |
||
| 300 | _a147p | ||
| 650 | _aChemistry | ||
| 942 |
_cBK _2ddc _h547.346 _iDYE/A _k547.346 _mDYE/A |
||
| 999 |
_c2387 _d2387 |
||